Megadiversidade. (Registro nro. 17397)
[ vista simple ]
| 000 -CABECERA | |
|---|---|
| Campo de control | 00872cas a2200253 a 4500 |
| 005 - FECHA Y HORA DE LA ULTIMA TRANSACCION | |
| Campo de control | 20180608100724.0 |
| 008 - ELEMENTOS DE LONGITUD FIJA—INFORMACION GENERAL | |
| Campo de control | 061027c20059999bl fr p 0 0por |
| 022 ## - ISSN | |
| ISSN | 1808-3773 |
| 040 ## - FUENTE DE CATALOGACIÓN | |
| Agencia catalogadora original | DLC |
| Agencia transcriptora | DLC |
| Agencia Modificadora | DLC |
| -- | TxU |
| -- | OCoLC |
| -- | CO-BoIAVH |
| 041 0# - IDIOMA | |
| Código de idioma para texto/pista de sonido o título separado | Portugués |
| Código de idioma del sumario o resumen/título o subtítulo sobreimpreso | eng |
| 044 ## - PAÍS DE PUBLICACIÓN | |
| País de publicación | Portugal |
| 090 ## - CLASIFICACIÓN LOCAL | |
| Colección | SE |
| 245 00 - MENCION DE TITULO | |
| Título | Megadiversidade. |
| 246 13 - FORMA VARIANTE DEL TITULO | |
| Título propiamente dicho/forma breve del título | Revista megadiversidade |
| 260 ## - PUBLICACION, DISTRIBUCION, ETC. (PIE DE IMPRENTA) | |
| Lugar de publicación, distribución, etc. | Belo Horizonte, MG (Brasil) : |
| Nombre del editor, distribuidor, etc. | Conservação Internacional, |
| Fecha de publicación, distribución, etc. | 2005-. |
| 300 ## - DESCRIPCION FISICA | |
| Otros detalles físicos | ilustraciones a color y mapas ; |
| Dimensiones | 28 x 21 cm. |
| 310 ## - FRECUENCIA ACTUAL DE LA PUBLICACIÓN | |
| Frecuencia actual de la publicación | Trimestral |
| Date of current publication frequency | 2006- |
| 321 ## - FRECUENCIA ANTERIOR DELA PUBLICACIÓN | |
| Frecuencia anterior de la publicación | Otro |
| Former publication frequency | 2005 |
| 650 26 - ASIENTO SECUNDARIO DE MATERIA - TERMINO TEMATICO | |
| Término temático o nombre geográfico como elemento de entrada | Biodiversidad |
| Subdivisión geográfica | Brasil |
| Subdivisión de forma | Publicaciones periódicas |
| 9 (RLIN) | 91493 |
| 650 26 - ASIENTO SECUNDARIO DE MATERIA - TERMINO TEMATICO | |
| Término temático o nombre geográfico como elemento de entrada | Conservación de la diversidad biológica |
| Subdivisión geográfica | Brasil |
| Subdivisión de forma | Publicaciones periódicas |
| 9 (RLIN) | 91494 |
| 710 2# - ASIENTO SECUNDARIO - NOMBRE CORPORATIVO | |
| Nombre corporativo o de jurisdicción como elemento de entrada | Conservation International do Brasil |
| 9 (RLIN) | 91492 |
| 776 08 - ADDITIONAL PHYSICAL FORM ENTRY | |
| Display text | Online version: |
| Title | Megadiversidade |
| Record control number | (OCoLC)656921121 |
| 942 ## - ELEMENTOS ADICIONALES (KOHA) | |
| Sistema de clasificación | Local |
| Tipo de ítem | Periodica o revista |
| Withdrawn status | Lost status | Sistema de Clasificación | Damaged status | No para préstamo | Colección | Fecha publicación (Año) | Volumen revista | Número revista | Ubicación Permanente | Ubicación actual | Fecha de adquisición | Total Checkouts | Número topográfico | Inventario / Código de Barras | Date last seen | Ejemplar | Price effective from | Forma de adquisición | Tipo de material |
|---|---|---|---|---|---|---|---|---|---|---|---|---|---|---|---|---|---|---|---|
| Local | Hemeroteca | 2005 | 1 | 1 | Bogotá | Bogotá | 21/06/2007 | Vol 1, Nro 1 (01/07/2005) | 024555 | 25/03/2015 | Ej. 1 | 25/03/2015 | Donación | Periodica o revista |